| 000 | 00772cam a2200229 4500 | ||
|---|---|---|---|
| 001 | ABS61907 | ||
| 008 | 000000n2000 000 0 eng u | ||
| 035 | _a(Sirsi) u104446 | ||
| 245 | _aOccupier 2000: Industrial and distribution | ||
| 260 | _c2000 | ||
| 490 |
_aEstates Gazette _v(0006) 12 February 2000 77-105(13) |
||
| 520 | _aA detailed look at property in the industrial and distribution sectors with particular emphasis on trade parks, parcel carriers and speculative development. | ||
| 590 | _aABS | ||
| 650 | _aINDUSTRIAL ESTATES | ||
| 650 | _aTRADE PARKS | ||
| 650 | _aE-COMMERCE | ||
| 650 | _aDELIVERY | ||
| 650 | _aSPECULATIVE DEVELOPMENT | ||
| 650 | _aINTERNET | ||
| 690 | _aPROPERTY-COMMERCIAL PROPERTY-COMMERCIAL PROPERTY MARKET | ||
| 942 | _n0 | ||
| 999 |
_c62664 _d62664 |
||